[Event "XII European Maccabi Games"]
[Site "Roma ITA"]
[Date "2007.07.10"]
[Round "5"]
[White "Grunberg, Mihai Lucian"]
[Black "Gerasimenyk, Mikhaylo"]
[Result "1-0"]
[WhiteElo "2472"]
[BlackElo "2150"]
[PlyCount "67"]
[EventDate "2007.07.05"]

1. Nf3 d6 2. d4 Nf6 3. g3 g6 4. Bg2 Bg7 5. O-O O-O 6. c4 c6 7. Nc3 Nbd7 8. e4
e5 9. b3 Re8 10. h3 Qc7 11. Be3 b6 12. Qc2 Bb7 13. Rad1 Rad8 14. Bc1 Nf8 15.
Bb2 Qb8 16. Rfe1 Ne6 17. d5 Nd4 18. Nxd4 exd4 19. Rxd4 Nxd5 20. Nxd5 cxd5 21.
cxd5 Bxd4 22. Bxd4 f5 23. Ba1 fxe4 24. Rxe4 Rxe4 25. Bxe4 Rd7 26. Qc3 Qf8 27.
Qh8+ Kf7 28. Qxh7+ Ke8 29. Qxg6+ Kd8 30. h4 Rc7 31. Bf6+ Kc8 32. h5 Ba6 33. h6
Rc1+ 34. Kg2 1-0

[Event "XII European Maccabi Games"]
[Site "Roma ITA"]
[Date "2007.07.10"]
[Round "5"]
[White "Gutmans, Mihail"]
[Black "Smolkina, Milana"]
[Result "1-0"]
[WhiteElo "2117"]
[BlackElo "1885"]
[PlyCount "47"]
[EventDate "2007.07.05"]

1. d4 Nf6 2. c4 e6 3. Nc3 Bb4 4. f3 c5 5. d5 d6 6. e4 O-O 7. Bd3 Bd7 8. Nge2
Qc7 9. Bg5 b5 10. O-O a6 11. Kh1 Bxc3 12. Nxc3 b4 13. Ne2 Qd8 14. f4 Qc8 15.
Ng3 exd5 16. Bxf6 gxf6 17. exd5 Bg4 18. Qc2 h5 19. h3 h4 20. Nf5 Bxf5 21. Bxf5
Qc7 22. Qe2 Rd8 23. Qg4+ Kf8 24. Qxh4 1-0

[Event "XII European Maccabi Games"]
[Site "Roma ITA"]
[Date "2007.07.10"]
[Round "5"]
[White "Kleiman, Boris"]
[Black "Beim, Valery"]
[Result "0-1"]
[WhiteElo "2337"]
[BlackElo "2516"]
[PlyCount "96"]
[EventDate "2007.07.05"]

1. e4 d6 2. d4 Nf6 3. Bd3 e5 4. c3 d5 5. dxe5 Nxe4 6. Nd2 Nc5 7. Bc2 Nc6 8.
Ngf3 Bg4 9. h3 Bh5 10. O-O d4 11. g4 Bg6 12. Nxd4 Nxd4 13. cxd4 Qxd4 14. Nf3
Qc4 15. Bxg6 hxg6 16. b3 Qd3 17. Qxd3 Nxd3 18. Kg2 f6 19. exf6 gxf6 20. Be3
O-O-O 21. Rfd1 Be7 22. Rd2 Nb4 23. a4 Nd5 24. Rad1 c6 25. Rd3 Bb4 26. Nd4 Bc5
27. Bc1 Rde8 28. Rf3 Re4 29. Nc2 Re2 30. Ne3 Nc3 31. Rd2 Re1 32. Rc2 Ne4 33. b4
Bxb4 34. Nd5 a5 35. Nxf6 Nc5 36. Bf4 Rd1 37. Ra2 Nd3 38. Kg3 g5 39. Bxg5 Bd6+
40. Kg2 Ne1+ 41. Kf1 Nxf3+ 42. Ke2 Nxg5 43. Kxd1 Rxh3 44. Ke2 Bc5 45. Rd2 Rf3
46. Rc2 Rxf2+ 47. Kd3 Rxc2 48. Kxc2 Bd4 0-1

[Event "XII European Maccabi Games"]
[Site "Roma ITA"]
[Date "2007.07.10"]
[Round "5"]
[White "Kleymann, Jelena"]
[Black "Ni, Viktorija"]
[Result "0-1"]
[WhiteElo "2023"]
[BlackElo "2147"]
[PlyCount "96"]
[EventDate "2007.07.05"]

1. e4 c5 2. Nf3 e6 3. d4 cxd4 4. Nxd4 a6 5. Bd3 Nf6 6. O-O Qc7 7. Qe2 d6 8. Kh1
Be7 9. f4 Nbd7 10. c4 b6 11. Nc3 Bb7 12. Nb3 Rc8 13. Be3 Qb8 14. Rf3 g5 15.
fxg5 Ng4 16. Rxf7 Nxe3 17. Qh5 Kd8 18. g6 Ne5 19. Rxh7 Kd7 20. Be2 Rcg8 21. Qh3
N5g4 22. Bxg4 Nxg4 23. Rxe7+ Kxe7 24. Qxg4 Qf8 25. Rd1 Qf6 26. Qg3 Qe5 27. Qxe5
dxe5 28. g3 Rxg6 29. Kg2 Rc8 30. Nd2 Rd8 31. Kf3 Rh6 32. h4 Rd6 33. Kf2 Rf6+
34. Kg2 Rg6 35. Nf1 Bxe4+ 36. Kh2 Rxd1 37. Nxd1 Bf3 38. Nde3 Rg8 39. Kh3 Kf6
40. g4 e4 41. Nd2 Ke5 42. Kg3 Bxg4 43. Nxg4+ Kf5 44. Nb3 Rxg4+ 45. Kh3 Kf4 46.
Nd4 Rg3+ 47. Kh2 Rg6 48. Kh3 e5 0-1

[Event "XII European Maccabi Games"]
[Site "Roma ITA"]
[Date "2007.07.10"]
[Round "5"]
[White "Klimovich, Boris"]
[Black "Herzfeld, Adam"]
[Result "0-1"]
[WhiteElo "1400"]
[BlackElo "1800"]
[PlyCount "36"]
[EventDate "2007.07.05"]

1. d4 Nf6 2. e3 e6 3. Nf3 c5 4. Bc4 d5 5. Bb5+ Nc6 6. Bxc6+ bxc6 7. O-O Ba6 8.
b3 Bxf1 9. Kxf1 cxd4 10. exd4 Ne4 11. Ne5 Qc7 12. Bf4 Bd6 13. f3 f6 14. fxe4
fxe5 15. dxe5 O-O 16. exd6 Rxf4+ 17. Kg1 Qxd6 18. Nc3 Qc5+ 0-1

[Event "XII European Maccabi Games"]
[Site "Roma ITA"]
[Date "2007.07.10"]
[Round "5"]
[White "Leveikina, Jevgenija"]
[Black "David, Dan"]
[Result "1-0"]
[WhiteElo "2033"]
[BlackElo "1400"]
[PlyCount "40"]
[EventDate "2007.07.05"]

1. d4 d5 2. c4 dxc4 3. e3 Bf5 4. Bxc4 e6 5. Nf3 Qf6 6. Nc3 Bg4 7. Qa4+ c6 8.
Ne5 Nh6 9. Bd2 Bd6 10. Ne4 Qe7 11. Nxd6+ Qxd6 12. Bb4 Qc7 13. Rc1 Nd7 14. Nxg4
Nxg4 15. Qb3 Ndf6 16. h3 Nh6 17. g4 Nhg8 18. Ke2 Ne7 19. Qa3 Nfd5 20. Bd6 20...
Qd7 {phone default} 1-0

[Event "XII European Maccabi Games"]
[Site "Roma ITA"]
[Date "2007.07.10"]
[Round "5"]
[White "Shmirina, Evgenija"]
[Black "Klein, David"]
[Result "0-1"]
[WhiteElo "2130"]
[BlackElo "2013"]
[PlyCount "84"]
[EventDate "2007.07.05"]

1. e4 c5 2. Nf3 d6 3. d4 cxd4 4. Nxd4 Nf6 5. Nc3 a6 6. Be3 e5 7. Nb3 Be6 8. f3
Nbd7 9. g4 b5 10. g5 b4 11. Ne2 Nh5 12. Ng3 Nxg3 13. hxg3 a5 14. f4 g6 15. Qf3
a4 16. Nd2 exf4 17. gxf4 Bg7 18. f5 Ne5 19. Bb5+ Bd7 20. Bxd7+ Qxd7 21. Qg2 Qc6
22. f6 Bf8 23. O-O h5 24. c3 bxc3 25. Rac1 c2 26. Qe2 Rc8 27. Bd4 h4 28. Nf3
Rh5 29. Bxe5 dxe5 30. Kh2 Bc5 31. Qd3 Bd4 32. Nxd4 exd4 33. Qxd4 Rxg5 34. Rg1
Rxg1 35. Qe5+ Kf8 36. Qe7+ Kg8 37. Kxg1 Qc5+ 38. Qxc5 Rxc5 39. Kg2 g5 40. Kh3
Kh7 41. Kg4 Kg6 42. e5 a3 0-1

[Event "XII European Maccabi Games"]
[Site "Roma ITA"]
[Date "2007.07.10"]
[Round "5"]
[White "Zaika, Alexey"]
[Black "Ni, Polina"]
[Result "1/2-1/2"]
[WhiteElo "1400"]
[BlackElo "1963"]
[PlyCount "93"]
[EventDate "2007.07.05"]

1. d4 Nf6 2. c4 e6 3. Nc3 b6 4. e4 Bb7 5. f3 d5 6. cxd5 exd5 7. e5 Nfd7 8. Bf4
Be7 9. Bd3 Bh4+ 10. g3 Be7 11. Qc2 Nf8 12. Nge2 Ne6 13. Bxh7 Nc6 14. Bf5 Nb4
15. Qb1 Qd7 16. a3 Nc6 17. b4 O-O-O 18. Be3 Rdf8 19. Nf4 Ncd8 20. Qb3 Bg5 21.
Ncxd5 Bxf4 22. Nxf4 Bxf3 23. O-O Bb7 24. d5 Kb8 25. Rac1 g5 26. dxe6 fxe6 27.
Rfd1 Qf7 28. Bxe6 Qh7 29. Rxd8+ Rxd8 30. Nh3 Qe4 31. Kf2 Rhf8+ 32. Nf4 gxf4 33.
gxf4 Qg2+ 34. Ke1 Qh1+ 35. Kf2 Qxh2+ 36. Ke1 Qg3+ 37. Bf2 Qxf4 38. Qe3 Qxe3+
39. Bxe3 Rfe8 40. Bc4 Rxe5 41. Rc3 Rde8 42. Kd2 Rd8+ 43. Kc2 Be4+ 44. Kb2 Rd1
45. Ba6 Bb7 46. Bf4 Re7 47. Bc4 1/2-1/2

[Event "XII European Maccabi Games"]
[Site "Roma ITA"]
[Date "2007.07.10"]
[Round "6"]
[White "Angel, Harold Bernard"]
[Black "Ni, Viktorija"]
[Result "1/2-1/2"]
[WhiteElo "1400"]
[BlackElo "2147"]
[PlyCount "55"]
[EventDate "2007.07.05"]

1. d4 Nf6 2. Nc3 g6 3. e4 d6 4. f4 Bg7 5. e5 dxe5 6. fxe5 Nd5 7. Bc4 c6 8. Nf3
O-O 9. O-O h6 10. Bxd5 cxd5 11. Bf4 Nc6 12. Qd2 Kh7 13. Ne2 Bf5 14. Ng3 Be4 15.
c3 Qb6 16. Kh1 Rad8 17. Rae1 Qa6 18. a3 Bd3 19. Rf2 Bb5 20. Nf1 Bxf1 21. Rexf1
Na5 22. Qe2 Qxe2 23. Rxe2 Rc8 24. Nd2 b5 25. Ref2 Nc4 26. Nxc4 bxc4 27. Bc1 Kg8
28. g4 1/2-1/2

[Event "XII European Maccabi Games"]
[Site "Roma ITA"]
[Date "2007.07.10"]
[Round "6"]
[White "Gabovits, Illia"]
[Black "Klimovich, Boris"]
[Result "1-0"]
[WhiteElo "1400"]
[BlackElo "1400"]
[PlyCount "45"]
[EventDate "2007.07.05"]

1. d4 d5 2. Nf3 Nf6 3. Bg5 h6 4. Bh4 g5 5. Bg3 Bg4 6. Nbd2 Bxf3 7. Nxf3 Ne4 8.
e3 Nxg3 9. hxg3 e6 10. Ne5 f6 11. Qh5+ Ke7 12. Ng6+ Kd7 13. Nxh8 Bb4+ 14. c3
Bxc3+ 15. bxc3 Qxh8 16. Qxh6 Qxh6 17. Rxh6 Nc6 18. Rxf6 a5 19. Rb1 b6 20. Bb5
Re8 21. Bxc6+ Kxc6 22. f4 gxf4 23. gxf4 1-0

[Event "XII European Maccabi Games"]
[Site "Roma ITA"]
[Date "2007.07.10"]
[Round "6"]
[White "Gerasimenyk, Mikhaylo"]
[Black "Borzova, Asya"]
[Result "1-0"]
[WhiteElo "2150"]
[BlackElo "1758"]
[PlyCount "59"]
[EventDate "2007.07.05"]

1. d4 d5 2. Nf3 Nf6 3. c4 c6 4. Nc3 e6 5. cxd5 exd5 6. Bg5 Be7 7. e3 Bf5 8. Be2
Nbd7 9. O-O O-O 10. a3 Qc7 11. b4 Bd6 12. Rc1 Qd8 13. h3 h6 14. Bh4 Nb6 15. Ne5
a5 16. Qb3 axb4 17. axb4 Qe7 18. Bd3 Bxd3 19. Nxd3 Nc4 20. Qc2 Bxb4 21. Bxf6
gxf6 22. Nxb4 Qxb4 23. e4 Rfe8 24. exd5 Ra3 25. Ne4 Kg7 26. dxc6 bxc6 27. Ng3
Nd6 28. Nh5+ Kf8 29. Qh7 Re6 30. d5 1-0

[Event "XII European Maccabi Games"]
[Site "Roma ITA"]
[Date "2007.07.10"]
[Round "6"]
[White "Gutmans, Mihail"]
[Black "Burstein, Roman"]
[Result "1-0"]
[WhiteElo "2117"]
[BlackElo "2375"]
[PlyCount "71"]
[EventDate "2007.07.05"]

1. d4 Nf6 2. c4 c5 3. d5 b5 4. cxb5 a6 5. bxa6 g6 6. Nc3 Bxa6 7. e4 Bxf1 8.
Kxf1 d6 9. Nge2 Bg7 10. Kg1 O-O 11. h3 Qa5 12. Kh2 Nbd7 13. Qc2 Rfb8 14. Rb1
Rb4 15. Bd2 Qa6 16. f4 Nxe4 17. Nxe4 Qxe2 18. Rhe1 Qc4 19. Nc3 Bf6 20. Re4 Qa6
21. a3 Rd4 22. Rxd4 cxd4 23. Ne4 Rc8 24. Qb3 Kg7 25. Nxf6 exf6 26. Re1 Nc5 27.
Qf3 f5 28. Bb4 Nd3 29. Qd1 Nxe1 30. Qxd4+ Kf8 31. Bxe1 Qc4 32. Qf6 Qxf4+ 33.
Bg3 Qc4 34. Bxd6+ Kg8 35. Be5 Kf8 36. d6 1-0

[Event "XII European Maccabi Games"]
[Site "Roma ITA"]
[Date "2007.07.10"]
[Round "6"]
[White "Herzfeld, Adam"]
[Black "Shmirina, Evgenija"]
[Result "0-1"]
[WhiteElo "1800"]
[BlackElo "2130"]
[PlyCount "76"]
[EventDate "2007.07.05"]

1. d4 e6 2. e4 d5 3. e5 c5 4. c3 Nc6 5. Nf3 Qb6 6. Bd3 cxd4 7. cxd4 Bd7 8. Nc3
a6 9. O-O Nxd4 10. Nxd4 Qxd4 11. g3 Rc8 12. a3 Qb6 13. Qg4 Ne7 14. Kh1 Nc6 15.
f4 h5 16. Qf3 g6 17. Ne2 a5 18. Bd2 a4 19. Rfc1 Bc5 20. Rc2 Na5 21. Bxa5 Qxa5
22. Rac1 Ke7 23. Nc3 Ba7 24. Qe2 Rc5 25. h3 Rhc8 26. g4 Rh8 27. Kg2 Rcc8 28.
Bb5 Bc6 29. Bxc6 bxc6 30. Rh1 hxg4 31. hxg4 Rxh1 32. Kxh1 Qb6 33. Rc1 Qd4 34.
Rf1 Rb8 35. Qh2 Qe3 36. Qh4+ Kd7 37. Nxa4 Qe4+ 38. Kh2 Qxa4 0-1

[Event "XII European Maccabi Games"]
[Site "Roma ITA"]
[Date "2007.07.10"]
[Round "6"]
[White "Klein, David"]
[Black "Fraas, Martin"]
[Result "0-1"]
[WhiteElo "2013"]
[BlackElo "2175"]
[PlyCount "148"]
[EventDate "2007.07.05"]

1. e4 e5 2. Nf3 Nc6 3. d4 exd4 4. Nxd4 Bc5 5. Nxc6 Qf6 6. Qf3 Qxf3 7. gxf3 bxc6
8. Be3 Bxe3 9. fxe3 Ne7 10. Nd2 O-O 11. Nb3 d6 12. Kf2 Rb8 13. Rd1 Bb7 14. Rd4
c5 15. Ra4 Nc6 16. Bc4 Kh8 17. Rd1 f5 18. exf5 Rxf5 19. e4 Rf4 20. Ke3 Rbf8 21.
Be2 Bc8 22. Rf1 h6 23. Bb5 Ne5 24. Rxa7 Rxf3+ 25. Rxf3 Rxf3+ 26. Kd2 Be6 27.
Rxc7 Rf2+ 28. Kc3 Rxh2 29. Re7 Rh3+ 30. Kd2 Nf3+ 31. Kc3 Ne5+ 32. Kd2 Bg4 33.
a4 Rh2+ 34. Kc3 Bd1 35. Na1 Rh3+ 36. Kd2 Bf3 37. a5 Bxe4 38. a6 Nf3+ 39. Ke3
Bd5 40. Re8+ Kh7 41. a7 Nd4+ 42. Kf4 Nxb5 43. a8=Q Bxa8 44. Rxa8 Nd4 45. Ra6
Rf3+ 46. Kg4 Rf6 47. c3 Ne2 48. Nb3 Kg6 49. Nd2 h5+ 50. Kh3 Nf4+ 51. Kg3 Kf5
52. Nc4 d5 53. Rxf6+ Kxf6 54. Nb6 Kf5 55. b3 Ne2+ 56. Kf3 Nxc3 57. Nd7 Ke6 58.
Nxc5+ Kd6 59. Nd3 g5 60. Kg3 Ne4+ 61. Kg2 Nc5 62. Nf2 Nxb3 63. Nh3 g4 64. Nf4
d4 65. Nxh5 d3 66. Nf6 d2 67. Ne4+ Ke5 68. Nf2 Kf4 69. Nd1 Na5 70. Kf2 Nc4 71.
Ke2 g3 72. Nc3 Kg4 73. Kf1 Kf3 74. Nd1 Ne3+ 0-1

[Event "XII European Maccabi Games"]
[Site "Roma ITA"]
[Date "2007.07.10"]
[Round "6"]
[White "Lapidus, Mark"]
[Black "Avdeyeva, Viktoriya"]
[Result "0-1"]
[WhiteElo "1821"]
[BlackElo "2063"]
[PlyCount "84"]
[EventDate "2007.07.05"]

1. Nf3 Nc6 2. d4 d5 3. Bf4 Bg4 4. e3 Nf6 5. c4 e6 6. Nc3 Nh5 7. Bg3 Nxg3 8.
hxg3 Qd7 9. Qb3 Bxf3 10. gxf3 Na5 11. Qb5 Qxb5 12. Nxb5 Kd7 13. cxd5 exd5 14.
Bh3+ Kd8 15. e4 Nc4 16. b3 Nb6 17. Rc1 Bb4+ 18. Ke2 c6 19. Nc3 Bxc3 20. Rxc3
Kc7 21. Kd3 Rad8 22. a4 h5 23. Rhc1 h4 24. Bg4 Rd6 25. a5 Nd7 26. e5 Rdh6 27.
a6 h3 28. axb7 h2 29. Rh1 Nb6 30. f4 Kxb7 31. f5 Kc7 32. Rc2 f6 33. e6 Nc8 34.
Ke3 Nd6 35. Kf4 Rb8 36. Rc3 Ne4 37. Rc2 Rxb3 38. f3 Nd6 39. Rcxh2 Rxh2 40. Rxh2
Rd3 41. Rh7 Nc4 42. Rxg7+ Kb6 0-1

[Event "XII European Maccabi Games"]
[Site "Roma ITA"]
[Date "2007.07.10"]
[Round "6"]
[White "Ni, Polina"]
[Black "De Vries, Joel"]
[Result "0-1"]
[WhiteElo "1963"]
[BlackElo "1700"]
[PlyCount "70"]
[EventDate "2007.07.05"]

1. e4 e6 2. d4 d5 3. Nd2 dxe4 4. Nxe4 Nd7 5. Bc4 Ngf6 6. Bg5 Be7 7. Ng3 O-O 8.
Nf3 b6 9. Qe2 Bb7 10. O-O-O h6 11. h4 Bd5 12. Bd3 Bxa2 13. Ne5 a5 14. Nc6 Qe8
15. Ne4 Bd5 16. Nxe7+ Qxe7 17. Bxf6 Nxf6 18. Nxf6+ Qxf6 19. Rh3 a4 20. c4 Bb7
21. Bb1 Rfd8 22. Qd3 c5 23. d5 exd5 24. Rf3 Qg6 25. Qc3 Qe6 26. Bf5 Qc6 27. Rg3
d4 28. Qc2 Re8 29. f3 a3 30. b3 Re3 31. Bd3 Qe6 32. Rg4 Re1 33. Qa2 Qe3+ 34.
Kc2 Rxd1 35. Kxd1 Qxd3+ 0-1

[Event "XII European Maccabi Games"]
[Site "Roma ITA"]
[Date "2007.07.10"]
[Round "6"]
[White "Savchenko, Oleksiy"]
[Black "Kleiman, Boris"]
[Result "0-1"]
[WhiteElo "2100"]
[BlackElo "2337"]
[PlyCount "90"]
[EventDate "2007.07.05"]

1. d4 Nf6 2. c4 c6 3. Nc3 d5 4. Nf3 e6 5. Bg5 h6 6. Bh4 dxc4 7. a4 Bb4 8. Bxf6
gxf6 9. e4 b5 10. Be2 Bb7 11. O-O a6 12. Qc2 Nd7 13. b3 cxb3 14. Qxb3 Qe7 15.
Na2 Bd6 16. Rad1 Rb8 17. Rfe1 Nb6 18. e5 Bc7 19. exf6 Qxf6 20. Nc3 Rg8 21. d5
cxd5 22. axb5 d4 23. Nb1 a5 24. g3 Rd8 25. Nfd2 Rg5 26. Bf3 Bxf3 27. Nxf3 Rgd5
28. Rd3 Bd6 29. Nbd2 Bb4 30. Re4 Rxb5 31. Rexd4 Rbd5 32. Ne4 Qe7 33. Rxd5 Rxd5
34. Qc2 Rxd3 35. Qxd3 Nd5 36. Ne5 Qc7 37. Ng4 f5 38. Ngf6+ Nxf6 39. Nxf6+ Kf7
40. Nh5 Qc1+ 41. Kg2 Qc6+ 42. Kh3 a4 43. Qe3 Qc4 44. Qxh6 Qf1+ 45. Kh4 Be7+ 0-1

[Event "XII European Maccabi Games"]
[Site "Roma ITA"]
[Date "2007.07.10"]
[Round "6"]
[White "Selifanov, Konstantin"]
[Black "Barokas, Avi"]
[Result "1-0"]
[WhiteElo "1440"]
[BlackElo "1400"]
[PlyCount "117"]
[EventDate "2007.07.05"]

1. e4 e5 2. Nf3 Nc6 3. Bc4 Bc5 4. c3 Qe7 5. O-O Nf6 6. d4 exd4 7. cxd4 Bb6 8.
d5 Ne5 9. Nxe5 Qxe5 10. Nc3 d6 11. Kh1 O-O 12. Qc2 h6 13. f4 Qe7 14. Qe2 Bg4
15. Qe1 Bd7 16. Qh4 Rae8 17. Bd3 Bd4 18. Rb1 b6 19. Ne2 Bc5 20. b4 Bxb4 21.
Rxb4 a5 22. Rb1 Nxe4 23. Qxe7 Rxe7 24. Bxe4 Rxe4 25. Nc3 Re7 26. Bd2 Bf5 27.
Rfe1 Rfe8 28. Rxe7 Rxe7 29. Re1 Rd7 30. g3 Kf8 31. Kg2 f6 32. Kf2 Kf7 33. Nb5
Bd3 34. Nd4 Bc4 35. a4 Bxd5 36. Rc1 Ke7 37. Nb5 Kd8 38. Be3 Bb3 39. Nxc7 Bxa4
40. Bxb6 Ke7 41. Bxa5 f5 42. Re1+ Kf7 43. Nd5 Bb3 44. Ne3 g6 45. Rb1 Be6 46.
Rd1 d5 47. Nc2 Ra7 48. Bd2 Ra4 49. Be3 Ke7 50. Nd4 Bf7 51. Nc6+ Kd6 52. Ne5 Be8
53. Rb1 Ra2+ 54. Kg1 Ra3 55. Bf2 Ra6 56. Kg2 g5 57. Rb8 Ba4 58. Rg8 g4 59. Rg6+
1-0

[Event "XII European Maccabi Games"]
[Site "Roma ITA"]
[Date "2007.07.10"]
[Round "6"]
[White "Smolkina, Milana"]
[Black "Zaika, Alexey"]
[Result "0-1"]
[WhiteElo "1885"]
[BlackElo "1400"]
[PlyCount "68"]
[EventDate "2007.07.05"]

1. e4 g6 2. d4 Bg7 3. Nc3 d6 4. Be3 a6 5. Qd2 b5 6. Be2 Nd7 7. O-O-O Bb7 8. a3
Ngf6 9. Bf3 e5 10. Bh6 Bxh6 11. Qxh6 exd4 12. Rxd4 Ne5 13. Nd5 Nxd5 14. exd5
Qf6 15. Qe3 O-O-O 16. a4 Nc4 17. Qc3 Rhe8 18. Ne2 Re5 19. Rhd1 Rde8 20. Ng3 h5
21. Qb4 h4 22. Nf1 h3 23. Bg4+ Kb8 24. Bxh3 Qxf2 25. axb5 Nb6 26. Rf4 Qe2 27.
bxa6 Qxa6 28. Qa3 Qxa3 29. bxa3 Bxd5 30. Ng3 f5 31. a4 Bc6 32. a5 Rxa5 33. Nf1
Re2 34. g4 Ra1+ 0-1

[Event "XII European Maccabi Games"]
[Site "Roma ITA"]
[Date "2007.07.10"]
[Round "6"]
[White "Szuhanek, Ranko"]
[Black "Davidov, Samir Fatali Oglu"]
[Result "1-0"]
[WhiteElo "2475"]
[BlackElo "2314"]
[PlyCount "75"]
[EventDate "2007.07.05"]

1. Nf3 d5 2. d4 Nf6 3. c4 c6 4. e3 e6 5. Nbd2 a6 6. Bd3 dxc4 7. Nxc4 b5 8. Nce5
h6 9. Qc2 Bb7 10. Bd2 Be7 11. b4 O-O 12. O-O Nfd7 13. Be4 Qb6 14. Rac1 f5 15.
Bd3 Nf6 16. Qb3 Nd5 17. e4 fxe4 18. Bxe4 Bd6 19. Bb1 Bxe5 20. dxe5 Nd7 21. Qd3
Rf5 22. g4 Rxf3 23. Qxf3 Qd4 24. Qd3 Nxe5 25. Qxd4 Nf3+ 26. Kh1 Nxd4 27. f3 Rf8
28. Be4 Nf6 29. Be3 Nxe4 30. Bxd4 Nd2 31. Bc5 Rf7 32. Rfd1 Nxf3 33. Rd8+ Kh7
34. Rf1 Kg6 35. Rd3 Ne5 36. Rxf7 Kxf7 37. Rd8 a5 38. Rb8 1-0

[Event "XII European Maccabi Games"]
[Site "Roma ITA"]
[Date "2007.07.11"]
[Round "7"]
[White "Angel, Harold Bernard"]
[Black "Gerasimenyk, Mikhaylo"]
[Result "1-0"]
[WhiteElo "1400"]
[BlackElo "2150"]
[PlyCount "53"]
[EventDate "2007.07.05"]

1. d4 Nf6 2. Nc3 d5 3. e4 dxe4 4. f3 exf3 5. Nxf3 g6 6. Bc4 Bg7 7. Bg5 O-O 8.
O-O Nbd7 9. Qd2 Nb6 10. Bb3 c6 11. h3 Nbd5 12. Rae1 Bf5 13. Ne5 Qc7 14. Rxf5
gxf5 15. Bh6 f4 16. Bxg7 Kxg7 17. Nxd5 Nxd5 18. Bxd5 cxd5 19. Qxf4 Qxc2 20.
Qg5+ Kh8 21. Qxe7 Qd2 22. Qf6+ Kg8 23. Rf1 Qxd4+ 24. Kh1 Rac8 25. Qg5+ Kh8 26.
Rxf7 Rc1+ 27. Qxc1 1-0

[Event "XII European Maccabi Games"]
[Site "Roma ITA"]
[Date "2007.07.11"]
[Round "7"]
[White "Burstein, Roman"]
[Black "Klein, David"]
[Result "1-0"]
[WhiteElo "2375"]
[BlackElo "2013"]
[PlyCount "69"]
[EventDate "2007.07.05"]

1. c4 g6 2. g3 Bg7 3. Bg2 d6 4. Nc3 e5 5. e3 f5 6. Nge2 Nf6 7. O-O O-O 8. b4 c6
9. b5 Be6 10. bxc6 bxc6 11. d3 d5 12. cxd5 cxd5 13. Ba3 Re8 14. d4 Nbd7 15.
dxe5 Nxe5 16. Bc5 Ne4 17. Bd4 Qa5 18. Rb1 Rab8 19. Rxb8 Rxb8 20. Nf4 Bf7 21.
Ncxd5 Qxa2 22. Ne7+ Kh8 23. Bxe5 Bxe5 24. Nc6 Qb2 25. Nxb8 Qxb8 26. Qd7 Bg8 27.
h4 Nf6 28. Qe7 a5 29. Nd3 Bc3 30. Rc1 Qb3 31. Qc5 Bd2 32. Qd4 Qf7 33. Rc6 Kg7
34. Ne5 Qa2 35. Nf3 1-0

[Event "XII European Maccabi Games"]
[Site "Roma ITA"]
[Date "2007.07.11"]
[Round "7"]
[White "David, Dan"]
[Black "Gabovits, Illia"]
[Result "0-1"]
[WhiteElo "1400"]
[BlackElo "1400"]
[PlyCount "40"]
[EventDate "2007.07.05"]

1. e4 c5 2. Bc4 Nc6 3. d3 e6 4. Qf3 d6 5. Nh3 Nf6 6. c3 Be7 7. Be3 O-O 8. Qg3
Kh8 9. f4 Nxe4 10. Qf3 Nf6 11. Nd2 d5 12. Bb5 Bd7 13. Bxc6 Bxc6 14. Qf1 d4 15.
Bf2 Bd5 16. Rg1 dxc3 17. bxc3 Re8 18. O-O-O Bxa2 19. Nb1 c4 20. Rd2 Qa5 0-1

[Event "XII European Maccabi Games"]
[Site "Roma ITA"]
[Date "2007.07.11"]
[Round "7"]
[White "De Vries, Joel"]
[Black "Savchenko, Oleksiy"]
[Result "1/2-1/2"]
[WhiteElo "1700"]
[BlackElo "2100"]
[PlyCount "64"]
[EventDate "2007.07.05"]

1. e4 c5 2. Nf3 d6 3. Nc3 Nf6 4. Bc4 e6 5. O-O a6 6. a4 Qc7 7. d3 b6 8. Bf4
Nbd7 9. Re1 Bb7 10. Qd2 Be7 11. e5 dxe5 12. Nxe5 Nxe5 13. Bxe5 Qc6 14. f4 Nd7
15. Ne4 Nxe5 16. fxe5 O-O 17. Re3 Qd7 18. Rf1 Qd4 19. c3 Qxe5 20. Nf6+ Qxf6 21.
Rxf6 Bxf6 22. Rg3 Kh8 23. Qf4 b5 24. Bb3 e5 25. Qf5 Bc8 26. Qe4 Rb8 27. Qc6
bxa4 28. Qxc5 Rd8 29. Bxf7 Rxb2 30. Rf3 Rb1+ 31. Kf2 Rb2+ 32. Kg3 Bb7 1/2-1/2

[Event "XII European Maccabi Games"]
[Site "Roma ITA"]
[Date "2007.07.11"]
[Round "7"]
[White "Fraas, Martin"]
[Black "Degtiarev, Evgeny"]
[Result "1-0"]
[WhiteElo "2175"]
[BlackElo "2385"]
[PlyCount "71"]
[EventDate "2007.07.05"]

1. e4 e5 2. Nf3 Nc6 3. Bb5 a6 4. Ba4 Nf6 5. O-O Be7 6. Re1 b5 7. Bb3 O-O 8. c3
d5 9. exd5 Nxd5 10. Nxe5 Nxe5 11. Rxe5 c6 12. d4 Bd6 13. Re1 Qh4 14. g3 Qh3 15.
Qd3 Bf5 16. Qf1 Qh5 17. Be3 Bh3 18. Qe2 Bg4 19. Qf1 f5 20. f4 Kh8 21. Bxd5 cxd5
22. Nd2 Rae8 23. a4 g5 24. axb5 axb5 25. fxg5 f4 26. Bxf4 Be2 27. Qf2 h6 28.
Nf3 hxg5 29. Bxd6 Rxf3 30. Qg2 Re4 31. Be5+ Kh7 32. Ra7+ Kg6 33. Rg7+ Kf5 34.
Rxe2 Rxe2 35. g4+ Ke6 36. Qxf3 1-0

[Event "XII European Maccabi Games"]
[Site "Roma ITA"]
[Date "2007.07.11"]
[Round "7"]
[White "Herzfeld, Adam"]
[Black "Lapidus, Mark"]
[Result "1-0"]
[WhiteElo "1800"]
[BlackElo "1821"]
[PlyCount "107"]
[EventDate "2007.07.05"]

1. d4 Nf6 2. c4 g6 3. Nc3 Bg7 4. e4 d6 5. f3 Nbd7 6. Rb1 a5 7. a3 e5 8. d5 O-O
9. Be3 Ne8 10. b4 b6 11. Nge2 f5 12. Nc1 f4 13. Bf2 Rf7 14. Nb3 axb4 15. axb4
Bf8 16. Be2 g5 17. Ra1 Bb7 18. Rxa8 Qxa8 19. Qa1 Qb8 20. Na4 Qa7 21. O-O Nef6
22. c5 bxc5 23. bxc5 dxc5 24. Naxc5 Qxa1 25. Rxa1 Nxc5 26. Nxc5 Bc8 27. Ra8 Bd7
28. Bc4 Kg7 29. d6 cxd6 30. Bxf7 Kxf7 31. Nxd7 Nxd7 32. Kf1 Be7 33. Ke2 Nf8 34.
Kd3 Ng6 35. Kc4 Ke6 36. Kb5 Bf6 37. Kc6 Nh8 38. Re8+ Kf7 39. Kd7 Ng6 40. Ra8
Be7 41. Be1 Kf6 42. Bb4 Nf8+ 43. Kc6 Ke6 44. Ra2 Nd7 45. Rd2 Nb8+ 46. Kb7 Nd7
47. Kc7 Nf6 48. Kc6 Ne8 49. Ra2 Nf6 50. Ra8 h5 51. Rh8 g4 52. Ba3 g3 53. h4 Kf7
54. Bxd6 1-0

[Event "XII European Maccabi Games"]
[Site "Roma ITA"]
[Date "2007.07.11"]
[Round "7"]
[White "Kleiman, Boris"]
[Black "Khukhashvili, Sopiko"]
[Result "0-1"]
[WhiteElo "2337"]
[BlackElo "2392"]
[PlyCount "142"]
[EventDate "2007.07.05"]

1. Nf3 Nf6 2. c4 e6 3. Nc3 Bb4 4. Qc2 c5 5. e3 O-O 6. a3 Bxc3 7. Qxc3 b6 8. Be2
Bb7 9. b4 Ne4 10. Qc2 Ng5 11. Bb2 d6 12. h4 Nxf3+ 13. Bxf3 Qc7 14. bxc5 dxc5
15. h5 Nd7 16. Rh3 f5 17. h6 g6 18. Qc3 e5 19. O-O-O Rfe8 20. d3 Rab8 21. Bxb7
Qxb7 22. e4 f4 23. Rf3 Rf8 24. Rf1 Rf7 25. g3 Rbf8 26. g4 Re8 27. Rh3 Nb8 28.
f3 Nc6 29. Qb3 Rd7 30. Rh2 Na5 31. Qc2 Nc6 32. Rd2 Nd8 33. Kd1 Nf7 34. Rh1 Qc7
35. Ke2 Qd6 36. Qa4 Red8 37. Qd1 a6 38. Qa4 Ra7 39. Bc3 Ng5 40. Qb3 Rb7 41. Qb2
Nf7 42. a4 Re8 43. Qb1 Re6 44. Rb2 Qd7 45. Qa1 Qc6 46. Ra2 a5 47. Rh3 Rd7 48.
Ra3 Rdd6 49. Bb2 Qe8 50. Rb3 g5 51. Rh5 Rxh6 52. Rb5 Rxh5 53. gxh5 Qe6 54. Qg1
Qe7 55. Qg4 Re6 56. Bc3 Nh6 57. Qh3 Kf7 58. Rb1 Qe8 59. Rg1 Kf6 60. Be1 Nf7 61.
Qf5+ Ke7 62. Qxh7 Rh6 63. Qf5 Rxh5 64. Rg2 Qxa4 65. Qc8 Qd7 66. Qb8 Rh6 67. Bc3
Rd6 68. Rh2 Qd8 69. Qb7+ Rd7 70. Qc6 g4 71. Rh7 gxf3+ 0-1

[Event "XII European Maccabi Games"]
[Site "Roma ITA"]
[Date "2007.07.11"]
[Round "7"]
[White "Kleymann, Jelena"]
[Black "Borzova, Asya"]
[Result "1-0"]
[WhiteElo "2023"]
[BlackElo "1758"]
[PlyCount "39"]
[EventDate "2007.07.05"]

1. e4 e6 2. d4 d5 3. Nc3 Bb4 4. e5 c5 5. a3 Bxc3+ 6. bxc3 Qc7 7. Nf3 b6 8. Bb5+
Bd7 9. Bd3 Ne7 10. O-O Nbc6 11. a4 Na5 12. Qd2 Nf5 13. Qf4 O-O-O 14. dxc5 Qxc5
15. Ba3 Qxc3 16. Bb4 Qc7 17. Bxa5 bxa5 18. Ba6+ Kb8 19. Rab1+ Ka8 20. Bb7+ 1-0